|
|
|
|
| LEADER |
01306nam a2200349 4500 |
| 001 |
000019893 |
| 003 |
16334 |
| 005 |
20141128151108.0 |
| 008 |
141126s2011 viesd |
| 020 |
|
|
|c 298000
|
| 041 |
0 |
|
|a vie
|
| 082 |
1 |
4 |
|a 370.15
|b Phươ
|
| 245 |
1 |
0 |
|a Phương pháp giảng dạy và tâm lý giáo dục trong trường học - Kỹ năng quản lý và giảng dạy đạt hiệu quả cao
|c Lê Văn Lập (st. và hệ thống hóa)
|
| 260 |
|
|
|a H.
|b Lao động
|c 2011
|
| 300 |
|
|
|a 511 tr.
|c 28 cm.
|
| 504 |
|
|
|a Thư mục tr.509-511
|
| 650 |
0 |
4 |
|a Tâm lý giáo dục học
|x Trường học
|
| 650 |
0 |
4 |
|a Phương pháp giảng dạy
|x Kỹ năng quản lý
|
| 653 |
|
|
|a Tâm lý giáo dục học
|
| 653 |
|
|
|a Phương pháp giảng dạy
|
| 653 |
|
|
|a Kỹ năng quản lý
|
| 700 |
1 |
|
|a Lê Văn Lập
|e st.
|
| OWN |
|
|
|a LSP
|
| AVA |
|
|
|a UDN50
|b LSP
|d 370.15 Phươ
|e available
|t Error 5001 Not defined in file expand_doc_bib_avail.
|f 4
|g 0
|h N
|i 0
|k 1
|
| 999 |
|
|
|a From the UDN01
|
| AVA |
|
|
|a UDN50
|b LSP
|d 370.15 Phươ
|e available
|t Error 5001 Not defined in file expand_doc_bib_avail.
|f 4
|g 0
|h N
|i 0
|k 1
|
| TYP |
|
|
|a Monograph
|
| TYP |
|
|
|a Printed language
|
| 980 |
|
|
|a Mạng thư viện Đại học Đà Nẵng
|